000 00474nam a2200157 i 4500
001 23377
003 ES-MaACL
005 20230906152848.0
007 t|
008 021210s1969 ag ||||1| spa d
100 1 _aAlvarez de Estrada, Juan.
_920757
245 1 0 _aGrandes virreyes de América
_b: (desde 1535 a 1794) /
_cJuan Alvarez de Estrada.
260 _aMadrid :
_bEd. Nacional,
_c1969.
300 _a180 p., 6 lám. ;
_c25 cm.
852 _aES-MaACL
_jC-37392
_bR.69856
999 _c23377
_d23377